All songs from Eurovision 2026 National Finals - Statistics

General Stats
  • This quiz has been taken 19 times
  • The average score is 152 of 442
Answer Stats
Artist Song % Correct
Alis Nân
100%
Aidan Bella
92%
Lana & Đorđe Temperatura
92%
Eva Marija Mother Nature
85%
Tamara Živković Nova zora
85%
Lara Baltić Rhythm Boy
85%
Leléka Ridnym
85%
Satoshi Viva, Moldova!
85%
Chachi Cherry Cake
77%
Atvara Ēnā
77%
Zejna Jugoslavija
77%
Lavina Kraj mene
77%
Komiat Lululai
77%
Etta Million Dollar Smile
77%
Felicia My System
77%
Emma Northern Lights
77%
Evangelia Paréa
77%
Alicja Pray
77%
Alexander Rybak Rise
77%
Senhit Superstar
77%
Inis Neziri Ta kam fal
77%
Cosmó Tanzschein
77%
Vanilla Ninja Too Epic to Be True
77%
Denise Trophy
77%
Monokate Tut
77%
Lelek Andromeda
69%
Alexandra Căpitănescu Choke Me
69%
Akylas Ferto
69%
Sarah Engels Fire
69%
Sissal Infinity
69%
Linda Lampenius & Pete Parkkonen Liekinheitin
69%
Sal Da Vinci Per sempre sì
69%
Cătălina Solomac Pink Margarita
69%
Bandidos do Cante Rosa
69%
Ollie Slave
69%
Antti Paalanen Takatukka
69%
Jonas Lovv Ya Ya Ya
69%
Dara Bangaranga
62%
Jerry Heil Catharticus (Prayer)
62%
Ericka Jane Death of Me
62%
Đurđa Dominos
62%
Silke Forevermore
62%
Mileo Frankenstein
62%
Sinikka Monte Ready to Leave
62%
Lion Ceccah Sólo quiero más
62%
Anastazja Wild Child
62%
Zaf Asteio
54%
Irem Bad Decisions (Hush Hush)
54%
Dolce Hera Casanova 91
54%
Ragazzki Ciao ragazzki
54%
Noëp Days Like This
54%
Ananda Dora
54%
Søren Torpegaard Lund Før vi går hjem
54%
Greczula Half of Me
54%
A*Teens Iconic
54%
Dinis Mota Jurei
54%
Daryss Melusina
54%
Piotr Pręgowski Parawany tango
54%
Luzac Prison dorée
54%
Steve Castile Sweet Tooth
54%
Lana Mandarić Tama
54%
Getter Jaani The Game
54%
Sheila Zemra e tokës
54%
Ema Achikuku (Don't Think About It)
46%
Saga Ludvigsson Ain't Today
46%
Emilija All We Ever Had
46%
Myle A OK
46%
Wavvyboi Black Glitter
46%
Harem Girls & Ivana Bom bom
46%
Dinamiss Chaos
46%
Ditonellapiaga Che fastidio!
46%
Dara Curse
46%
Good Job Nicky Dark Side of the Moon
46%
Dayana Doina
46%
Ola Antoniak Don't You Try
46%
Meira Omar Dooset daram
46%
Cimberly Eternity
46%
ShiroKuro Eye to Eye
46%
Bela Herz
46%
Smash into Pieces Hollow
46%
Robin Bengtsson Honey Honey
46%
Andrea Demirović I Believe
46%
Andrew the Martian I'm the Martian
46%
Skrellex Into the Wild
46%
Kelsie Borg Let a Girl Breathe
46%
Black Biceps Let Me Cook
46%
Laud Lightkeeper
46%
Baryak Minerva
46%
Zevin My Mind
46%
Karolina Szczurowska Nie bój się
46%
Molly Sue Optimist (Ha Ha Ha)
46%
Lima Len Raketa
46%
Robert Ox Ravin' at the Taj Mahal
46%
Uliana Rhythm of Nature
46%
Legzdina Ribbon
46%
Tina Džankić Shadows
46%
Hedda Mae Snap Back
46%
Grete Paia Taevas jäi üles
46%
Bacho Tata
46%
Stasiek Kukulski This Too Shall Pass
46%
Emy Alupei Tili Bom
46%
AleXa Tongue Tied
46%
Sanna Nielsen Waste Your Love
46%
Jacqline Woman
46%
Laura Nahr Wonderland
46%
Basia Giewont Zimna woda
46%
Rikki Agapi
38%
Rigersa Loka Albanian Heart
38%
Adelisha Alegria
38%
Wrs All the Way
38%
Tianora Anatello
38%
Desi G Aphrodite
38%
Indra Beautiful Lie
38%
Elpo Blakus
38%
Matthew Cilia & the AfterParty Brutality Mentality
38%
Marquise Chuva
38%
Shwr Contact!
38%
Junior Lerin Copacabana Boy
38%
Emil Otto Copenhagen Noir
38%
Katy Rain Dance and Cry
38%
Lilla Al-Fadji Delulu
38%
Lana Doline
38%
Hvnds Dor
38%
Matt Blxck Ejja lejja ħdejja 'l hawn (The Flute)
38%
Stefi Europa
38%
Evgenii Avramov Foc la ghete
38%
Nathan Psaila Ganador
38%
Arwin Glitter
38%
Marseaux Hanomai
38%
Khayat Hertsy
38%
Nøra Blu Hold My Own
38%
Kayla Krystin I brenn
38%
Emilia Pantić Ingenting
38%
Majda Božović Ipak smo ljudi
38%
Dreamboys the Band Jeanie
38%
Clicherik & Mäx Jolly Roger
38%
Julia Steen Julia
38%
Eegor Klaber
38%
Molodi Legends
38%
De Mantra Let Them
38%
Fenksta Memento mori
38%
ShchukaRybа Moia zemlia
38%
Artiom Topal Money
38%
Cold Snap Mucho Macho
38%
Maya Azucena My Sin
38%
Mychael Bartolo Chircop My Sweet Angel
38%
Kelly Joyce Oh là là
38%
Agnesse Oh My My
38%
Ghiti Okej!
38%
Krstinja Oli, oli
38%
Toni Sky O ne!
38%
Devin Over Me
38%
Laila Adèle Oxygen
38%
Leonardo Amor Prayer
38%
Kiki Rakkaudenkipee
38%
Frevd Riddle
38%
Leroybroughtflowers Sabotage!
38%
Sergej Scream
38%
Eva Jumatate Selfish
38%
Star Guy Star Shadez
38%
Anna-Sophie Superhuman
38%
Krisy Take It
38%
Kautkaili Te un tagad
38%
Dara This Is Me
38%
Myrkur Touch My Love and Die
38%
Bella Trampolina
38%
Noelle Uninterrupted
38%
Valleria Valerian Steel
38%
Threex Vite
38%
Medina Viva L'Amor
38%
Elettra Lamborghini Voilà
38%
Laura Prits Warrior
38%
Ant & Minimal Wind Wounds (Don't Wanna Fall)
38%
Sheila Zemra e tokës
38%
Tikasha Sakama #010126 Coda
31%
Panagiotis Tsakalakos 2nd Chance
31%
Kandžija 3 ujutro
31%
Jack Lupino Adrenalin
31%
Maxim Zavidia Allo
31%
Rosanna Mailan Alma
31%
Maraaya Alu Alu
31%
Eddie Brock Avvoltoi
31%
Alejandro Zandes & Emil Rengle Bailando solo
31%
Rezarta Smaja Balukeprera
31%
Cristy Rouge Bliss
31%
Honey Blue Blue Disco
31%
Hugo One Born Again
31%
Koza Mostra Bulletproof
31%
Gresa Gjocera & Bledi Kaso Busulla e zemrës
31%
Zona Čairi
31%
Pavel Orlov Can't Say Goodbye
31%
Late Runner Can U Feel It?
31%
Luka Basi Chicolo
31%
Jeremi Sikorski Cienie przeszłości
31%
The Elliens Crawling Whispers
31%
Olivia Addams Croco
31%
Ivan Sever Crying Eyes
31%
Philip Piller Das Leben ist Kunst
31%
Atikin Deganti žemelė
31%
Paula Dejot vien
31%
Savjana Vjerdha Dimër për dimër e vjeshtë për vjeshtë
31%
Antra Stafecka Divejāda
31%
Gonçalo Gomes Doce ilusão
31%
Mr. Vel Do or Done
31%
Enxhi Nasufi Dritë
31%
The Astrolabe Drop It
31%
Patrik Jean Dusk Till Dawn
31%
Erika Jonsson Från landet
31%
Brat Pelin Fräulein
31%
Alen Đuras From Ashes to Flame
31%
Nunca Mates o Mandarim Fumo
31%
Vilnius Voices Grįšim
31%
Yguana Happy Birthday
31%
Vilhelm Buchaus Hearts Don't Lie
31%
Jasmina Makota Higher
31%
Kleansa Susaj Hije
31%
Antonio Pican Humans
31%
Edvards Strazdiņš I Ain't Got the Guts
31%
Rug!le Ikona Žemaitė
31%
Timo Räisänen Ingenting är efter oss
31%
Kristīne Megija Insanity
31%
Avgust Jabuka
31%
Mila Nikić Kao varnica
31%
Marta Pikani Kell kuus
31%
Korslagda King of Rock 'n' Roll
31%
Evi Reçi Kodi i jetës
31%
Sanja Aleksić Ko me proba
31%
Aleksandra Sekulić Kule
31%
Mikay Labyrinth
31%
Lorenc Hasrama Lamtumirë
31%
Stockholm Cowboys Last Man Standing
31%
ToMa Ledina
31%
Gabrijel Ivić Light Up
31%
Storm Lullaby
31%
D3lta Mad About It
31%
Arisa Magica favola
31%
The Ditties Mambo
31%
Rosa Chemical Mammamì
31%
Lara Demarin Mantra
31%
Liston Mela
31%
Reverend Stomp Mescalero Ranger
31%
Đurđica Moma mala
31%
Mark Anthony Bartolo Mumenti sbieħ
31%
Dolcenera My Love
31%
Stela Rade Nema te
31%
Marko Kutlić Neotuđivo
31%
Selene Ice Nessuno
31%
Irma Ni traga
31%
Kianna No More Drama
31%
Klem Ok respira
31%
Mirna Omaja
31%
Patty Pravo Opera
31%
Jacaréu & Ana Margarida O-pi-ni-ão
31%
Luna Çausholli Pa kufij
31%
Daba Panic Attack
31%
Luka Radović Pjevaj, vilo
31%
David Kurt Pockets Full of Snow
31%
Stefan Galea Pose
31%
Ritam Noir Profumi di mare
31%
Serena Brancale Qui con me
31%
Aika Raga
31%
Brandsta City Släckers Rakt in i elden
31%
Curly Respir liber
31%
Bambole di pezza Resta con me
31%
Fifi & Tiri Gjoci Rri
31%
Ilinca Siviroveanu Running Through the Rain
31%
Paulè Sako
31%
Lolita Zero Salve in meum mundum
31%
Evaya Sprint
31%
Ermal Meta Stella stellina
31%
Fulminacci Stupida sfortuna
31%
Aleksandar Sudbina
31%
Manivi Svaki dan
31%
Sara Kapo Të dua shumë
31%
Elysa The Alchemist
31%
Melanija The Offering
31%
Alexandra Sieti The Other Side
31%
Vanu Therapy Enemy
31%
Emforia Tipare
31%
Sayf Tu mi piaci tanto
31%
Sander Sanchez Two Spirits
31%
Lores Unseen
31%
Nikotin Unsterblich
31%
Lu-Ka Veruj
31%
Ema Bubić Vrijeme za nas
31%
Bamlak Werner We Are Not Just One Thing
31%
Victoria Anastasia Whatcha Doin to Me
31%
Malou Lovis When I'm with You
31%
Stylianos You & I
31%
Dargen D'Amico AI AI
23%
Fran Uccellini Ako bolje bude sutra
23%
Neno Murić Ako čuješ glas
23%
Garvin Back in the Game
23%
Edward Maya feat. William Imola Balla
23%
Paolo Belli Bellissima
23%
Noll2 Berusade ord
23%
João Ribeiro Canção do querer
23%
Francisco Fontes Copiloto
23%
Miks Galvanovskis Cruel Angel
23%
Makao Daj nam svet
23%
André Amaro Dá-me a tua mão
23%
Marika Daughters of the Sun (A, E, I, O, U)
23%
Nolark Different Places
23%
Sandrino Disposto a tudo
23%
Erik Lloshi Dy pika dashuri
23%
Edward Maya, LavBbe & Costi Everybody Needs Somebody
23%
Molella feat. Maxè Fever
23%
Robert Lukian Fire to the Lies
23%
Iuna Freedom Calling
23%
Franklin Calleja Guide You Home
23%
Spheyiaa Hilia kommatia
23%
Ivo Grīsniņš Grīslis Home
23%
Sihana Haxhnikaj Horizont
23%
Magdalena Tul I'll Be Around
23%
Inis Neziri In My Head
23%
J-Ax Italia Starter Pack
23%
Luchè Labirinto
23%
Maria Antonietta & Colombre La felicità e basta
23%
Juliett Långt från alla andra
23%
Blurie Lovin' Always Gets Me Down
23%
Fedez & Masini Male necessario
23%
Geminni Metar sreće
23%
Robert Linna Metsik roos
23%
Stefan Nedekodirana
23%
Adria Twins Nerġa' nqum
23%
Freya Alley No Kiss Goodbye
23%
Siga Noriu jo
23%
Theya LeRoy Oblivion
23%
Agridoce Onde quero estar
23%
Thomas G One Night Lover
23%
Kurt Anthony On the Borderline
23%
Valeriya Force Open Our Hearts
23%
Samurai Jay Ossessione
23%
Iva Grujin Otkrivam sebe
23%
Valdas Lacko Pabandom
23%
Lena Schaur Painted Reality
23%
Kamela Islamaj Pa pretendime
23%
Grete Parade
23%
Matias Ferreira Paura
23%
Kelsy Attard Perfectly Broken
23%
LDA & Aka 7even Poesie clandestine
23%
Orphy Rise Again
23%
Dagna Sau meluojam
23%
Levante Sei tu
23%
Basilica Set Everything on Fire
23%
Marco Shine
23%
Chess Galea Shout It Out
23%
Akire Šiluma
23%
Endri Kaçaçi Si unë
23%
Niya Slipping Away
23%
Jānis Rugājs Smoke
23%
Noy Stand Up
23%
Kosmos trip Sve je u redu
23%
Matas Ligeika Svetimi
23%
Milica Burazer Svima vama treba mama
23%
More. Taip lengvai
23%
Revery The Songwriter
23%
Frensi Tresh
23%
Agnė Buškevičiūtė Unbound
23%
Xannova Xan Unbreakable
23%
Janice Mangion Univers
23%
Walls of Water Unshakable
23%
Sasha Flowers We Fight Till the End
23%
Sidrit Vokshi Wenn ich rauche
23%
Bladë Who You Are
23%
Stella Kay You Are the Fire
23%
Papīra lidmašīnas You're My Saviour
23%
Andreas Habibi feat. Aura All We Need Is Love
15%
Malika Ayane Animali notturni
15%
Juozas Martin Atmerk akis
15%
Elizabeth Olshey Between
15%
Il Senso Brave Enough
15%
Anna Smith Bruised
15%
Mėnulio Fazė Dabar ir čia
15%
Klara Almström Där hela världen väntar
15%
Monica Odagiu Fereastră pentru un orb
15%
Giacomo Voli Figaro
15%
Justė Osh Gaisras
15%
Erisu Ghost of Ninive
15%
Agata Ray Gravity Lies
15%
Rhiannon Micallef Hold Myself Up
15%
Pellegrina Pibigas Il giorno che
15%
Tommaso Paradiso I romantici
15%
Hansanova Lumina
15%
Silvana Peres Não tem fim
15%
Leo Gassmann Naturale
15%
Bateu Matou Nos teus olhos
15%
N'ice Cream Not the Winner
15%
Raf Ora e per sempre
15%
Myky Outta Tune
15%
Mário Marta Pertencer
15%
IlRed Playlist in Loop
15%
Marco Sbarbati Pretty Little Secret
15%
Nayt Prima che
15%
Michele Bravi Prima o poi
15%
Lasse Skriver Roaring Heart
15%
Jokūbas Jankauskas Shine
15%
Yanx Srušio si sve
15%
Aurimas Papečkys-Aury Tu mano
15%
Emi Acidic U Broke Me
15%
Inês Sousa Um filme ao contrário
15%
Tredici Pietro Uomo che cade
15%
Vēstnieks Vai tas ir kāds brīnums?
15%
Lokytė Vilko akių
15%
Aivo Oskis Walking Out
15%
Luka Where It Ends
15%
Patricija Luščynska Worth It
15%
Sezina Kelsey You Raise Me High
15%
Ana Mašulović Zavoli me
15%
Metiria Attention Seeker
8%
Ryan Song Break the Cage
8%
Orchestraccia Cara madre mia
8%
Ciro Maddaluno Distratto
8%
Alien Cut feat. Tayma Ethernia
8%
UtopiaTwins & Valerie Fake Smile
8%
Paolo Martini Fase REM
8%
Felix Manu Hatar att jag älskar dig
8%
Lupi Mannaggia Ignorantità
8%
Francesco Renga Il meglio di me
8%
Vedat Ademi Kur fjala mbaron
8%
Capabrò Lavorare fa schifo
8%
Mara Sattei Le cose che non sai di me
8%
Ledi Ais Mes siekiam žvaigždžių
8%
Atwood Midnight Alibi
8%
Deva Mi fa male l'America
8%
Nicolò Deori Mi ucciderai per sempre
8%
NovaBlue Muoio di fame
8%
Mrtina My Insanity
8%
Gerta Mahmutaj Në krahët e tu
8%
Lynx Nuk kthehem pas
8%
Lorenzo Bonfire Ode to Guilt
8%
Enrico Nigiotti Ogni volta che non so volare
8%
Yume Paura di amare
8%
Malvina Likaj Përtej shpirtit
8%
Stefano Pesce rosso
8%
Kimi Prapë dielli del
8%
Daudia Talk About It
8%
Aistė Pilvelytė Tarp žvaigždžių tylos
8%
Erand Sojli Të kam në fron
8%
Chiello Ti penso sempre
8%
4Calamano Twilight
8%
2 Farm Valle mbi hi
8%
No matching quizzes found
Score Distribution
Percent of People with Each Score
Percentile by Number Answered
Your Score History
You have not taken this quiz